00672nam a2200241 a 4500001001300000003000900013005001700022008004100039020001000080082001400090100001900104245003600123260002500159300000800184500003500192505001500227650002500242700001900267902000800286942000700294952011400301999001500415nice12345678IN_TiNIC20260116011630.0050524s1948 lona grp 000 0 eng  ac10000a291bSMI1 aSmith, F Harod aComparative Study of Religions. aLondon bSPCK c1948 a46p aincludes index and biblioraphy2 aIllustrate aComparative Religion1 aSmith, F Harod bSRS cBK 001040708StackRoom-aHMIbHMId2008-03-07g100.00l0o291 SMI1p05560r2008-03-07v100.00w2005-05-24yBK c3004d3004